01505njm a2200289Ia 4500001000600000003000900006005001700015008004100032040001300073040001300086041001300099100002000112100001800132100003800150245006400188250001100252260001100263260007000274300001700344300003000361500039600391505019900787511005600986650005301042700006501095700005501160H3880IT-RoPAU20220918181201.0131025s9999 xx 000 0 und d aIT-RoPAU cIT-RoPAU aITALIANO aDi Mario Angelo eAutore musica gCodice autore musica SPICS: 10868 aViaggio della stella (Il). Spettacolo natalizio per bambini a1a ed. aMILANO bMULTIMEDIA SAN PAOLOc2003 [1a Ed.:2003 - Ed. Lingua Orig.: 2003] aMUSICASSETTA c51 minuti (Testo: 0 pag.) aRecital per bambini. Lato A: 9 canti natalizi; lato b: basi musicali. Voci soliste: Salerno Alessia, Schiavello Erika, Forti Federica, Sciarra Eleonora, Pagani Maria Sole, Gidaro Valentina, Zaccardi Agnese, Tani Giulia, Proietti Martina, Paolini Giorgia e Fiammetta. Assistente al coro: Anna Maria di Mezza. Disegno: Mariagrazia Baldorini. Grafica: Foto25. Vedere lo spartito (Codice H3881). aNasce con te - La festa della stella - Dov'è Babbo Natale? - Natale che cos'è - La posada - Facci avere cuori puri - Natale e il terzo mondo - Let Your Heart Speak - Lascia parlare il cuore. aCoro: le Piccole Voci di A. di MarioAngelo Di Mario aRELIGIOSO [CASSETTE]eCodice MATERIA SPICS: 9951 aBenassi AnnaeAutore testogCodice autore testo SPICS: 55923 aAA.VV.eInterpretegCodice interprete SPICS: 12000